| 000 | 01471nam a2200361Ia 4500 | ||
|---|---|---|---|
| 001 | ebr10215768 | ||
| 003 | CaPaEBR | ||
| 006 | m u | ||
| 007 | cr cn||||||||| | ||
| 008 | 071011s2008 nyua sb 001 0 eng d | ||
| 010 | _z 2007042498 | ||
| 020 | _z9780195314397 (alk. paper) | ||
| 040 |
_aCaPaEBR _cCaPaEBR |
||
| 035 | _a(OCoLC)648348827 | ||
| 050 | 1 | 4 |
_aDG738.14.M35 _bM87 2008eb |
| 082 | 0 | 4 |
_a945/.51107092aB _222 |
| 100 | 1 |
_aMurphy, Caroline, _d1969- |
|
| 245 | 1 | 0 |
_aMurder of a Medici princess _h[electronic resource] / _cby Caroline P. Murphy. |
| 260 |
_aNew York : _bOxford University Press, _c2008. |
||
| 300 |
_a397 p. : _bill. |
||
| 504 | _aIncludes bibliographical references and index. | ||
| 533 |
_aElectronic reproduction. _bPalo Alto, Calif. : _cebrary, _d2009. _nAvailable via World Wide Web. _nAccess may be limited to ebrary affiliated libraries. |
||
| 600 | 1 | 0 |
_aMedici, Isabella Romola de', _d1542-1576. |
| 600 | 3 | 0 | _aMedici, House of. |
| 650 | 0 |
_aPrincesses _zItaly _zFlorence _vBiography. |
|
| 651 | 0 |
_aFlorence (Italy) _xKings and rulers. |
|
| 651 | 0 |
_aFlorence (Italy) _xCourt and courtiers _xHistory _y16th century. |
|
| 651 | 0 |
_aFlorence (Italy) _xHistory _y1421-1737. |
|
| 651 | 0 |
_aTuscany (Italy) _xHistory _y1434-1737. |
|
| 655 | 7 |
_aElectronic books. _2local |
|
| 710 | 2 | _aebrary, Inc. | |
| 856 | 4 | 0 |
_uhttp://site.ebrary.com/lib/rucke/Doc?id=10215768 _zAn electronic book accessible through the World Wide Web; click to view |
| 999 |
_c231033 _d231033 |
||